| 000 | 01172nam a2200265 a 4500 | ||
|---|---|---|---|
| 005 | 20160627102739.0 | ||
| 008 | 160627s2006 br |||||r|||| 00| 0 spa d | ||
| 020 | _a8573002271 | ||
| 040 |
_aCO-BoIAVH _cCO-BoIAVH |
||
| 041 | 1 |
_aspa _hpor |
|
| 044 | _abl | ||
| 082 | 0 | 4 |
_a333.75068 _bF38g |
| 100 | 1 | _aFerreira, Lourdes M. | |
| 245 | 1 | 0 |
_aGuión metodológico para la elaboración del plan de manejo para reservas particulares del patrimonio natural / _cLourdes M. Ferreira, Rogério Guimarães Só de Castro y Sérgio Henrique Collaço de Carvalho |
| 260 |
_aBrasilia, Brasil : _bMinisterio del Medio Ambiente, _c2006. |
||
| 300 |
_a95 páginas ; _c30 x 21 cm. |
||
| 504 | _aIncluye referencias bibliográficas. | ||
| 650 | 1 | 6 |
_aReservas forestales _xordenación forestal _zBrasil |
| 650 | 2 | 6 |
_aReservas forestales _xmanejo _vguías _zBrasil |
| 650 | 2 | 6 |
_aReservas forestales _xDiagnóstico _zBrasil |
| 700 | 1 | _aGuimarães Só de Castro, Rogério | |
| 700 | 1 | _aCollaço de Carvalho, Sérgio Henrique | |
| 710 | 2 | _aInstituto Brasileño del Médio Ambiente y los Recursos Naturales Renovables | |
| 942 |
_2ddc _cLIBRO |
||
| 999 |
_c18830 _d18830 |
||